Manual of Microbiology : (Record no. 135951)

MARC details
000 -LEADER
fixed length control field 00786nam a22002417a 4500
005 - DATE AND TIME OF LATEST TRANSACTION
control field 20170124110252.0
010 ## - LIBRARY OF CONGRESS CONTROL NUMBER
LC control number B-227305
020 ## - INTERNATIONAL STANDARD BOOK NUMBER
Terms of availability 295.00
International Standard Book Number 8180521435
035 ## - SYSTEM CONTROL NUMBER
System control number B-227305
037 ## - SOURCE OF ACQUISITION
Source of stock number/acquisition Cen Lib/Ret
040 ## - CATALOGING SOURCE
Original cataloging agency DPL
Language of cataloging EN
082 ## - DEWEY DECIMAL CLASSIFICATION NUMBER
Classification number 576
Item number SHA
100 ## - MAIN ENTRY--PERSONAL NAME
Personal name Sharma, Kanika
9 (RLIN) 99845
245 ## - TITLE STATEMENT
Title Manual of Microbiology :
Remainder of title tools & techniques /
Statement of responsibility, etc by Kanika Sharma
250 ## - EDITION STATEMENT
Edition statement 2nd ed.
260 ## - PUBLICATION, DISTRIBUTION, ETC. (IMPRINT)
Place of publication, distribution, etc New Delhi
Name of publisher, distributor, etc Ane Books India
270 ## - ADDRESS
Address 4821, Parwana Bhawan, 24, Ansari Road, Daryaganj
City New Delhi
Postal code 110002
300 ## - PHYSICAL DESCRIPTION
Extent xiii,405p. :
Dimensions 24cm(pbk)
Other physical details ill.
500 ## - GENERAL NOTE
General note Includes index
650 ## - SUBJECT ADDED ENTRY--TOPICAL TERM
Topical term or geographic name as entry element Microbiological Techniques -- methods.
9 (RLIN) 99846
650 ## - SUBJECT ADDED ENTRY--TOPICAL TERM
Topical term or geographic name as entry element Microbiological Techniques -- instrumentation.
9 (RLIN) 99847
942 ## - ADDED ENTRY ELEMENTS (KOHA)
Source of classification or shelving scheme Dewey Decimal Classification
Koha item type English Books
Classification part 576
Call number suffix SHA
Holdings
Withdrawn status Lost status Damaged status Not for loan Home library Current library Date acquired Source of acquisition Cost, normal purchase price Total Checkouts Full call number Barcode Date last seen Copy number Cost, replacement price Price effective from Koha item type Source of classification or shelving scheme Collection code Date checked out
        Central Library Central Library 12/10/2015 Cen Lib/Ret 295.00   576 SHA B-227305 12/10/2015 1 295.00 12/10/2015 English Books      
        Sarojini Nagar Sarojini Nagar 08/05/2019     1 576 SHA B-227307 29/12/2020     08/05/2019 English Books Dewey Decimal Classification Non-fiction 14/12/2020

© Delhi Public Library
Hit Counter
free hit counter